Từ điển đồng âm tiếng Viết
Shranjeno v:
| Glavni avtor: | |
|---|---|
| Format: | Knjiga |
| Jezik: | Undetermined |
| Izdano: |
Tp. HCM
Tp. HCM
2001
|
| Teme: | |
| Oznake: |
Označite
Brez oznak, prvi označite!
|
| Thư viện lưu trữ: | Trung tâm Học liệu Trường Đại học Cần Thơ |
|---|
| LEADER | 00543nam a2200169Ia 4500 | ||
|---|---|---|---|
| 001 | CTU_45635 | ||
| 008 | 210402s9999 xx 000 0 und d | ||
| 082 | |a 495.9223 | ||
| 082 | |b H107 | ||
| 100 | |a HOÀNG VĂN HÀNH | ||
| 245 | 0 | |a Từ điển đồng âm tiếng Viết | |
| 245 | 0 | |c HOÀNG VĂN HÀNH, Nguyễn Thị Trung Thành, Nguyễn Văn Khang | |
| 260 | |a Tp. HCM | ||
| 260 | |b Tp. HCM | ||
| 260 | |c 2001 | ||
| 650 | |a vietnamese language - homonyms | ||
| 980 | |a Trung tâm Học liệu Trường Đại học Cần Thơ | ||